Emerging concepts in urban space design (Record no. 406)
[ view plain ]
| 000 -LEADER | |
|---|---|
| fixed length control field | 00450 a2200145 4500 |
| 020 ## - INTERNATIONAL STANDARD BOOK NUMBER | |
| International Standard Book Number | 0747600252 |
| 020 ## - INTERNATIONAL STANDARD BOOK NUMBER | |
| International Standard Book Number | 0419161503 |
| 082 ## - DEWEY DECIMAL CLASSIFICATION NUMBER | |
| Classification number | 711.4 BRO |
| 100 ## - MAIN ENTRY--PERSONAL NAME | |
| Personal name | Broadbent, Geoffrey. |
| 245 ## - TITLE STATEMENT | |
| Title | Emerging concepts in urban space design |
| Statement of responsibility, etc. | Geoffrey Broadbent. |
| 260 ## - PUBLICATION, DISTRIBUTION, ETC. | |
| Place of publication, distribution, etc. | London ; |
| -- | New York : |
| Name of publisher, distributor, etc. | Taylor and Francis |
| Date of publication, distribution, etc. | 2001. |
| 300 ## - PHYSICAL DESCRIPTION | |
| Extent | ix, 380 p. : |
| Other physical details | ill. ; |
| Dimensions | 28 cm. |
| 650 ## - SUBJECT ADDED ENTRY--TOPICAL TERM | |
| Topical term or geographic name entry element | Space (Architecture) |
| 650 ## - SUBJECT ADDED ENTRY--TOPICAL TERM | |
| Topical term or geographic name entry element | City planning. |
| 650 ## - SUBJECT ADDED ENTRY--TOPICAL TERM | |
| Topical term or geographic name entry element | Architecture |
| General subdivision | Environmental aspects. |
| Withdrawn status | Lost status | Damaged status | Not for loan | Permanent Location | Current Location | Shelving location | Total Checkouts | Full call number | Barcode | Date last seen | Price effective from | Koha item type | Date acquired |
|---|---|---|---|---|---|---|---|---|---|---|---|---|---|
| Central Library (CL) | Central Library (CL) | 711.4 BRO | NIT-5896 | 01/05/2017 | 01/05/2017 | Book | |||||||
| School of Civil and Environmental Engineering (SCEE) | School of Civil and Environmental Engineering (SCEE) | NIT-5647 | 11/04/2022 | 01/05/2017 | Book | ||||||||
| School of Civil and Environmental Engineering (SCEE) | School of Civil and Environmental Engineering (SCEE) | NIT-5649 | 11/04/2022 | 01/05/2017 | Book | ||||||||
| School of Civil and Environmental Engineering (SCEE) | School of Civil and Environmental Engineering (SCEE) | NIT-5648 | 11/04/2022 | 01/05/2017 | Book | ||||||||
| School of Civil and Environmental Engineering (SCEE) | School of Civil and Environmental Engineering (SCEE) | NIT-5646 | 11/04/2022 | 01/05/2017 | Book | ||||||||
| School of Civil and Environmental Engineering (SCEE) | School of Civil and Environmental Engineering (SCEE) | NIT-5642 | 01/05/2017 | 01/05/2017 | Book | ||||||||
| School of Civil and Environmental Engineering (SCEE) | School of Civil and Environmental Engineering (SCEE) | NIT-5644 | 01/05/2017 | 01/05/2017 | Book | ||||||||
| School of Civil and Environmental Engineering (SCEE) | School of Civil and Environmental Engineering (SCEE) | NIT-5643 | 10/20/2022 | 01/05/2017 | Book | ||||||||
| School of Civil and Environmental Engineering (SCEE) | School of Civil and Environmental Engineering (SCEE) | NIT-5641 | 01/05/2017 | 01/05/2017 | Book | ||||||||
| School of Civil and Environmental Engineering (SCEE) | School of Civil and Environmental Engineering (SCEE) | NIT-5645 | 01/05/2017 | 01/05/2017 | Book |
